Přístup k uplatňování CSR ve světě
Prístup k problematike spoločneskej zodpovednosti firiem (CSR) v Európskej únii. Uplaňovanie zásad spoločenskej zodpovednosti vo vybraných krajinách: Veľká Británia, Francúzsko, Nemecko, USA.
Saved in:
| Main Author: | |
|---|---|
| Other Authors: | |
| Format: | Book Chapter |
| Language: | Czech |
| Subjects: | |
| Tags: |
No Tags, Be the first to tag this record!
|
MARC
| LEADER | 00000nla$a2200000$$$4500 | ||
|---|---|---|---|
| 001 | 0143272 | ||
| 005 | 20220713123143.9 | ||
| 041 | 0 | |a cze | |
| 044 | |a SK | ||
| 245 | 1 | 0 | |a Přístup k uplatňování CSR ve světě |c Jitka Srpová, Jan Mísař |
| 520 | |a Prístup k problematike spoločneskej zodpovednosti firiem (CSR) v Európskej únii. Uplaňovanie zásad spoločenskej zodpovednosti vo vybraných krajinách: Veľká Británia, Francúzsko, Nemecko, USA. | ||
| 610 | 2 | 0 | |a zodpovednosť spoločenská |
| 610 | 2 | 0 | |a podnikanie zodpovedné |
| 610 | 2 | 0 | |a ochrana prostredia životného |
| 610 | 2 | 0 | |a rozvoj trvalo udržateľný |
| 610 | 2 | 0 | |a projekty |
| 610 | 2 | 0 | |a firmy |
| 610 | 2 | 0 | |a svet |
| 100 | 1 | |a Srpová, Jitka | |
| 700 | 1 | |a Mísař, Jan | |